Statistics for Name the MLB team

Click here to take the quiz!

General Stats

  • This quiz has been taken 9 times
  • The average score is 15 of 30

Answer Stats

HintAnswer% Correct
2yankees
89%
20angels
78%
3astros
78%
5dodgers
78%
4mets
78%
10phillies
78%
24rangers
78%
9red sox
78%
18twins
78%
1braves
67%
12cardinals
67%
7cubs
67%
11giants
67%
22marlins
67%
15nationals
67%
16blue jays
56%
6guardians
56%
23mariners
56%
8orioles
56%
19ray
56%
17white sox
56%
14royals
44%
21brewers
33%
28bisons
0%
30ducks
0%
13pardes
0%
26pilots
0%
25red stockings
0%
29spiders
0%
27wolverines
0%

Score Distribution

Percentile by Number Answered

Percent of People with Each Score

Your Score History

You have not taken this quiz